Loading...
| Mythology | 0 | 7 | 1 | 0 | 65 | 35 | 75.14 | 4 | 7 |
| Literature - American Literature | 0 | 6 | 1 | 0 | 55 | 84 | 99.00 | 2 | 6 |
| Literature - World Literature | 0 | 6 | 2 | 1 | 50 | 76 | 109.00 | 2 | 6 |
| Literature - European Literature | 0 | 5 | 1 | 1 | 45 | 102 | 121.80 | 4 | 5 |
| Literature - British Literature | 0 | 4 | 0 | 0 | 40 | 74 | 113.75 | 1 | 4 |
| History - World History | 0 | 2 | 0 | 0 | 20 | 123 | 129.50 | 0 | 2 |
| Fine Arts - Painting & Sculpture | 0 | 2 | 0 | 1 | 20 | 101 | 119.00 | 1 | 2 |
| Science - Chemistry | 0 | 2 | 1 | 1 | 15 | 104 | 114.00 | 1 | 2 |
| History - American History | 0 | 1 | 0 | 0 | 10 | 98 | 98.00 | 1 | 1 |
| Philosophy | 0 | 1 | 0 | 0 | 10 | 113 | 113.00 | 0 | 1 |
| Religion | 0 | 1 | 0 | 0 | 10 | 129 | 129.00 | 1 | 1 |
| Fine Arts - Other Fine Arts | 0 | 1 | 0 | 0 | 10 | 117 | 117.00 | 1 | 1 |